ბათუმის შოთა რუსთაველის სახელმწიფო უნივერსიტეტის ბიბლიოთეკა

შავი ზღვის ტალღები. ხუტორი ველზე (ბიბ.ჩანაწერი № 49757)

000 -LEADER
fixed length control field 00756nam a2200229Ia 4500
001 - CONTROL NUMBER
control field 16692
003 - CONTROL NUMBER IDENTIFIER
control field GE_BSU
008 - FIXED-LENGTH DATA ELEMENTS--GENERAL INFORMATION
fixed length control field 181216s||||||||xx |||||||||||||| ||und||
040 ## - CATALOGING SOURCE
Transcribing agency GE_BSU
080 ## - UNIVERSAL DECIMAL CLASSIFICATION NUMBER
Universal Decimal Classification number 82-93:821.161.1-31
100 ## - MAIN ENTRY--PERSONAL NAME
Personal name კატაევი, ვ.
245 ## - TITLE STATEMENT
Title შავი ზღვის ტალღები. ხუტორი ველზე
245 ## - TITLE STATEMENT
Remainder of title ეპოპეა
245 ## - TITLE STATEMENT
Statement of responsibility, etc. მთ.ნ.ფურცელაძე. მხ.ელ.ამაშუკელი
260 ## - PUBLICATION, DISTRIBUTION, ETC.
Place of publication, distribution, etc. თბილისი
260 ## - PUBLICATION, DISTRIBUTION, ETC.
Name of publisher, distributor, etc. ნაკადული
260 ## - PUBLICATION, DISTRIBUTION, ETC.
Date of publication, distribution, etc. 1965
300 ## - PHYSICAL DESCRIPTION
Extent 367 გვ.21სმ
653 ## - INDEX TERM--UNCONTROLLED
Uncontrolled term შავი ზღვის ტალღები
653 ## - INDEX TERM--UNCONTROLLED
Uncontrolled term ხუტორი ველზე
942 ## - ADDED ENTRY ELEMENTS (KOHA)
Koha item type წიგნი
ეგზემპლარები
Withdrawn status Lost status Damaged status Not for loan Date acquired Barcode Date last seen Price effective from Koha item type
        2018-12-17 21322 2018-12-17 2018-12-17 წიგნი
        2018-12-17 21323 2018-12-17 2018-12-17 წიგნი